| 000 | 00509nam a2200181Ia 4500 | ||
|---|---|---|---|
| 003 | OSt | ||
| 005 | 20201218143537.0 | ||
| 008 | 190216s9999||||xx |||||||||||||| ||und|| | ||
| 020 | _a9788171300914 | ||
| 040 | _coclc | ||
| 082 |
_a894.8121 _bKUR/B |
||
| 100 |
_aKurup, O N V _97466 |
||
| 245 | 0 |
_aBhoomikku Oru Charamageetham / _c O N V Kurup |
|
| 260 |
_bD C Books, _c1987 _aKottayam: |
||
| 300 | _a127p | ||
| 650 | _aKavithkal | ||
| 942 |
_cBK _2ddc _h894.8121 _iKUR/B _k894.8121 _mKUR/B |
||
| 999 |
_c29620 _d29620 |
||